000 00593nam a2200193 i 4500
001 24051
003 ES-MaACL
005 20251125063448.0
007 t|
008 021213s1914 fr ||||1| fre d
100 1 _aAndreev, Leonid Nikolaevich,
_d1871-1919
_9242530
245 1 0 _aJudas Iscariote /
_cLeonid Andreev ; traduit du russe par Serge Persky.
250 _a12e éd.
260 _aParis :
_b[s.n.,
_c1914] (
_eMayenne :
_fImp. Charles Bolin)
300 _a278 p. ;
_c18 x 12 cm.
700 1 _aPersky, Serge.
_991402
852 _aES-MaACL
_jF-425
999 _c24051
_d24051